[Event "53rd Hastings it"]
[Site "Hastings ENG"]
[Date "1978.01.12"]
[Round "14"]
[White "Shamkovich, Leonid"]
[WhiteTitle "GM"]
[WhiteElo "2485"]
[Black "Webb, Simon"]
[BlackTitle "IM"]
[BlackElo "2430"]
[Result "1-0"]
[PlyCount "108"]
[EventDate "1977.12.28"]

1. c4 Nf6 2. Nc3 d5 3. cxd5 Nxd5 4. g3 g6 5. Bg2 Nb6 6. d3 Bg7 7. Be3 O-O 8. Qd2 Nc6 9. Bxc6 bxc6 10. Bh6 c5 11. Bxg7 Kxg7 12. Nf3 Bb7 13. Qe3 c4 14. Rd1 Qc8 15. dxc4 Qh3 16. Rd4 h5 17. Rh4 Qe6 18. Qxe6 fxe6 19. O-O Rf5 20. Nd4 Re5 21. f4 Re3 22. Nc2 Rxc3 23. bxc3 Rd8 24. Nd4 Kf6 25. g4 hxg4 26. Rxg4 Nxc4 27. Kf2 Be4 28. Rh4 a5 29. Rg1 Rd5 30. Rg5 e5 31. Nf3 Bxf3 32. Kxf3 Rd2 33. Rh6 exf4 34. Rhxg6+ Kf7 35. Rc6 Nd6 36. Rxa5 Kf6 37. Rxc7 e5 38. h4 Rd1 39. Rc6 Kf5 40. Rcc5 Nf7 41. e4+ fxe3 42. Kxe3 Rh1 43. Ra4 Nd6 44. Kf3 Rf1+ 45. Kg2 Rc1 46. h5 Ne4 47. Rxe4 Kxe4 48. h6 Rc2+ 49. Kg3 Rxa2 50. h7 Ra8 51. Kg4 Rh8 52. Rc7 Kd5 53. Kf5 e4 54. Kg6 Re8 1-0

[Event "53rd Hastings it"]
[Site "Hastings ENG"]
[Date "1978.01.12"]
[Round "14"]
[White "Tarjan, James Edward"]
[WhiteTitle "GM"]
[WhiteElo "2495"]
[Black "Dzhindzhikhashvili, Roman"]
[BlackTitle "GM"]
[BlackElo "2535"]
[Result "0-1"]
[PlyCount "94"]
[EventDate "1977.12.28"]

1. d4 Nf6 2. c4 e6 3. Nc3 Bb4 4. e3 c5 5. Bd3 Nc6 6. Nf3 Bxc3+ 7. bxc3 d6 8. e4 e5 9. d5 Ne7 10. Nh4 h6 11. f4 Ng6 12. Nxg6 fxg6 13. O-O O-O 14. Qe1 Bd7 15. Qg3 Qe8 16. f5 g5 17. Qh3 Qh5 18. Qe3 a6 19. Bd2 b5 20. Rae1 bxc4 21. Be2 Qf7 22. Bxc4 Bb5 23. Qd3 Rfb8 24. h3 Qb7 25. Bc1 Bxc4 26. Qxc4 Qb5 27. Qe2 Qxe2 28. Rxe2 Rb1 29. Kf2 Rab8 30. Ke3 R8b5 31. Kd3 Ra1 32. Rc2 c4+ 33. Ke3 Rbb1 34. Re1 Nh5 35. Kd2 Nf4 36. Rg1 Nd3 37. g3 Kf7 38. Rf1 Ke7 39. Rg1 Kd7 40. Rf1 a5 41. Rg1 Nc5 42. Re1 Nb3+ 43. axb3 cxb3 44. Rb2 Ra2 45. c4 a4 46. Re3 Raxb2+ 47. Bxb2 Rxb2+ 0-1

[Event "53rd Hastings it"]
[Site "Hastings ENG"]
[Date "1978.01.12"]
[Round "14"]
[White "Tisdall, Jonathan"]
[WhiteElo "2375"]
[Black "Kagan, Shimon"]
[BlackTitle "IM"]
[BlackElo "2350"]
[Result "1-0"]
[PlyCount "163"]
[EventDate "1977.12.28"]

1. Nf3 c5 2. c4 g6 3. d4 cxd4 4. Nxd4 Bg7 5. e4 Nc6 6. Be3 d6 7. Nc3 Nf6 8. f3 O-O 9. Qd2 Nxd4 10. Bxd4 Be6 11. Be2 a6 12. O-O Qa5 13. Rfd1 Rfc8 14. b3 Nd7 15. Bxg7 Kxg7 16. a4 Rc6 17. Rab1 Rac8 18. f4 f5 19. exf5 Bxf5 20. Rb2 Nf6 21. Bf3 R6c7 22. h3 Bd7 23. Qe3 Bc6 24. Nd5 Bxd5 25. Bxd5 b5 26. Be6 Rb8 27. axb5 axb5 28. cxb5 Rxb5 29. Kh2 Qc3 30. Qxc3 Rxc3 31. b4 Re3 32. Bc4 Rb6 33. Rd4 e6 34. b5 d5 35. Be2 Ne4 36. Rd3 Rxd3 37. Bxd3 Nc5 38. Be2 Kf6 39. Rc2 Nb3 40. Rc6 Rxc6 41. bxc6 Ke7 42. c7 Kd7 43. Kg3 Kxc7 44. Kh4 Nc1 45. Bb5 h6 46. Kg4 d4 47. Kf3 Kd6 48. Ke4 Kc5 49. Bd7 d3 50. Bxe6 d2 51. Bg4 Kc4 52. Ke3 Kc3 53. Bd1 Nd3 54. g4 Nb4 55. f5 g5 56. Ke4 Nd3 57. Ke3 Nf4 58. Ba4 Nd3 59. Bd1 Nf4 60. Ba4 h5 61. gxh5 Nxh5 62. Ke4 Nf6+ 63. Ke5 Nd7+ 64. Kd6 Nf6 65. Ke5 Nd7+ 66. Kd6 Nb6 67. Bd1 Nc4+ 68. Ke6 Ne3 69. Bf3 Nc2 70. Kf6 Ne1 71. Be2 Nd3 72. Kxg5 Nf2 73. h4 Kd4 74. f6 Ke3 75. Bh5 Ne4+ 76. Kg6 Nc3 77. f7 Ne2 78. f8=Q d1=Q 79. Qe7+ Kf4 80. Qg5+ Ke4 81. Qf5+ Ke3 82. Qe5+ 1-0

[Event "53rd Hastings it"]
[Site "Hastings ENG"]
[Date "1978.01.14"]
[Round "15"]
[White "Fedorowicz, John"]
[WhiteElo "2480"]
[Black "Tarjan, James Edward"]
[BlackTitle "GM"]
[BlackElo "2495"]
[Result "1/2-1/2"]
[PlyCount "58"]
[EventDate "1977.12.28"]

1. c4 e5 2. Nc3 Nf6 3. Nf3 Nc6 4. e3 Bb4 5. Qc2 O-O 6. Nd5 Re8 7. Qf5 d6 8. Nxf6+ gxf6 9. Qh5 d5 10. a3 Bf8 11. d4 Be6 12. Bd3 h6 13. cxd5 Qxd5 14. e4 Qb3 15. Bb1 Nxd4 16. Nxd4 exd4 17. O-O d3 18. Bxh6 Rad8 19. Ba2 Qb6 20. Be3 Qd6 21. Bxe6 Qxe6 22. Rac1 Rd7 23. Rc4 Bg7 24. b3 Red8 25. Rd1 b6 26. h4 c5 27. Qf5 Qxf5 28. exf5 Bf8 29. Kf1 Rd5 1/2-1/2

[Event "53rd Hastings it"]
[Site "Hastings ENG"]
[Date "1978.01.14"]
[Round "15"]
[White "Kagan, Shimon"]
[WhiteTitle "IM"]
[WhiteElo "2350"]
[Black "Sveshnikov, Evgeny"]
[BlackTitle "GM"]
[BlackElo "2520"]
[Result "1-0"]
[PlyCount "149"]
[EventDate "1977.12.28"]

1. e4 c5 2. Nf3 Nc6 3. d3 g6 4. g3 Bg7 5. Bg2 d6 6. O-O e5 7. Nbd2 Nge7 8. a3 O-O 9. c3 a5 10. a4 h6 11. Ne1 Kh7 12. Nc4 Be6 13. Qe2 d5 14. exd5 Nxd5 15. Nc2 Qc7 16. N2a3 Rae8 17. Nb5 Qd8 18. Qc2 Re7 19. Be3 b6 20. Rad1 Rd7 21. Bc1 Kh8 22. Rfe1 Re8 23. Qb3 f6 24. Nba3 Bg4 25. Nxb6 Bxd1 26. Rxd1 Rb7 27. Qxd5 Rxb6 28. Nc4 Qxd5 29. Bxd5 Ra6 30. Bf7 Rd8 31. Bxg6 Ne7 32. Bh5 Nd5 33. Bf3 Nb6 34. Nxb6 Rxb6 35. Be4 c4 36. Kf1 cxd3 37. Rxd3 Rxd3 38. Bxd3 Bf8 39. Bb5 Kg7 40. Be3 Rb8 41. Ke2 Kf7 42. Kd3 Ke6 43. g4 h5 44. gxh5 f5 45. Bg5 e4+ 46. Kd4 Bg7+ 47. Kc5 Bf6 48. h4 Bxg5 49. hxg5 f4 50. g6 Kf6 51. Kd4 e3 52. fxe3 f3 53. Kd3 Rh8 54. Ke4 f2 55. Kf3 Rxh5 56. Kxf2 Rh2+ 57. Kf3 Rxb2 58. c4 Kxg6 59. Ke4 Kf6 60. Kd5 Ke7 61. c5 Kd8 62. Kd6 Rc2 63. Bc6 Rh2 64. Bd5 Rh6+ 65. Be6 Rh7 66. e4 Rd7+ 67. Kc6 Rd4 68. Bd5 Rxa4 69. Kd6 Rb4 70. e5 Rh4 71. c6 Rh6+ 72. Be6 Rxe6+ 73. Kxe6 Kc7 74. Kd5 a4 75. e6 1-0

[Event "53rd Hastings it"]
[Site "Hastings ENG"]
[Date "1978.01.14"]
[Round "15"]
[White "Webb, Simon"]
[WhiteTitle "IM"]
[WhiteElo "2430"]
[Black "Tisdall, Jonathan"]
[BlackElo "2375"]
[Result "1-0"]
[PlyCount "78"]
[EventDate "1977.12.28"]

1. Nf3 Nf6 2. g3 e6 3. Bg2 d5 4. O-O Be7 5. d4 O-O 6. c4 dxc4 7. Ne5 Nc6 8. Nxc6 bxc6 9. Nc3 Rb8 10. Qc2 Nd5 11. Qa4 c5 12. dxc5 Nxc3 13. bxc3 Bxc5 14. Qxc4 Qd6 15. Bf4 e5 16. Rad1 Ba6 17. Qe4 Qe6 18. Be3 Bxe3 19. Qxe3 Qxa2 20. Qxa7 Qe6 21. Qe3 Rfd8 22. Ra1 Bc4 23. h4 Bd5 24. Ra5 Bxg2 25. Kxg2 Rb5 26. Rd1 Rbb8 27. Rxd8+ Rxd8 28. Rxe5 Qc6+ 29. Qe4 Qxe4+ 30. Rxe4 Kf8 31. g4 Rd6 32. Kf3 f6 33. Ke3 Kf7 34. Rd4 Re6+ 35. Kd3 c6 36. h5 Re7 37. Rd6 Rc7 38. Kd4 Re7 39. e3 Rc7 1-0